| 000 | 00805nam a2200217 a 4500 | ||
|---|---|---|---|
| 008 | 071022s2000 ||||||||||||||||| || u | ||
| 020 | _a0821345672 | ||
| 050 | _aIBRD(06)LR/2000/1 | ||
| 100 | _aEvans, Judith L | ||
| 245 | 1 | 0 |
_aEarly childhood counts: a programming guide on early childhood care for development _cJudith L. Evans and Robert G. Myers |
| 260 |
_aWashington, D. C. _bWorld Bank _c2000 |
||
| 300 | _aviii, 412p. | ||
| 350 | _a0.00 | ||
| 490 | _aWBI learning resources | ||
| 650 | _aCHILDHOOD | ||
| 650 | 0 | _aCHILD CARE | |
| 650 | _aEARLY CHILDHOOD | ||
| 650 | _aCHILD DEVELOPMENT--AFRICA | ||
| 700 | _aMyers, Robert G | ||
| 995 |
_D0.00 _FCBU-MAIN LIBRARY (Kitwe) _H1 _I0.00 _M1 _UAVAILABLE _WOct 22, 2007 _ZInternational Publications |
||
| 999 |
_c40598 _d40598 |
||